[Event "FICGS rapid B 000384 email"]
[Site "FICGS email"]
[Date "2022.08.24"]
[Round "1"]
[White "Benone, Mateia"]
[Black "Leurette, Marc Antoine"]
[Result "1-0"]
[WhiteElo "1820"]
[BlackElo "1734"]
[PlyCount "57"]
[EventDate "2022.??.??"]
[EventType "tourn (rapid)"]
[EventRounds "6"]
[SourceTitle "Corr 2024"]
[Source "ChessBase"]
[SourceDate "2023.10.19"]
[SourceVersion "1"]
[SourceVersionDate "2023.10.19"]
[SourceQuality "1"]

1. e4 e5 2. Nf3 Nc6 3. d4 exd4 4. Nxd4 Nf6 5. Nxc6 bxc6 6. e5 Nd5 7. c4 Nb6 8. Bd3 Bb4+ 9. Nd2 Bxd2+ 10. Bxd2 0-0 11. 0-0 c5 12. Qh5 g6 13. Qf3 d6 14. exd6 Rb8 15. dxc7 Qxc7 16. Bf4 Qb7 17. Bxb8 Qxb8 18. b3 Bb7 19. Be4 Bxe4 20. Qxe4 Re8 21. Qf3 Nd7 22. Rfd1 Nf8 23. Rd5 Ne6 24. h3 Nd4 25. Qf6 Qb6 26. Rd6 Qb8 27. Rd1 Ne6 28. Rd7 Rf8 29. R1d6 1-0

[Event "FICGS class C 000359 email"]
[Site "FICGS email"]
[Date "2022.08.10"]
[Round "1"]
[White "Benone, Mateia"]
[Black "Domingo, Jordi"]
[Result "0-1"]
[WhiteElo "1820"]
[BlackElo "1909"]
[PlyCount "20"]
[EventDate "2022.??.??"]
[EventType "tourn (corr)"]
[EventRounds "1"]
[SourceTitle "Corr 2024"]
[Source "ChessBase"]
[SourceDate "2023.10.19"]
[SourceVersion "1"]
[SourceVersionDate "2023.10.19"]
[SourceQuality "1"]

1. d4 h6 2. e4 c5 3. d5 d6 4. c4 g5 5. Nc3 Bg7 6. h4 g4 7. Bd3 h5 8. Nge2 Nd7 9. Qa4 Qb6 10. 0-0 Qa6 0-1

[Event "FICGS class C 000359 email"]
[Site "FICGS email"]
[Date "2022.08.10"]
[Round "1"]
[White "Benone, Mateia"]
[Black "Schleef, Harald"]
[Result "0-1"]
[WhiteElo "1820"]
[BlackElo "2016"]
[PlyCount "22"]
[EventDate "2022.??.??"]
[EventType "tourn (corr)"]
[EventRounds "1"]
[SourceTitle "Corr 2024"]
[Source "ChessBase"]
[SourceDate "2023.10.19"]
[SourceVersion "1"]
[SourceVersionDate "2023.10.19"]
[SourceQuality "1"]

1. d4 Nf6 2. Nf3 d5 3. Bf4 c5 4. c3 Nc6 5. e3 e6 6. Nbd2 cxd4 7. exd4 Nh5 8. Bg5 f6 9. Bh4 Bd6 10. Be2 0-0 11. 0-0 Kh8 0-1

[Event "FICGS class C 000303 email"]
[Site "FICGS email"]
[Date "2022.08.06"]
[Round "1"]
[White "Benone, Mateia"]
[Black "Butu, Sebastian"]
[Result "0-1"]
[WhiteElo "1820"]
[BlackElo "1900"]
[PlyCount "48"]
[EventDate "2022.??.??"]
[EventType "tourn (corr)"]
[EventRounds "4"]
[SourceTitle "Corr 2024"]
[Source "ChessBase"]
[SourceDate "2023.10.19"]
[SourceVersion "1"]
[SourceVersionDate "2023.10.19"]
[SourceQuality "1"]

1. e4 e5 2. Nf3 Nc6 3. d4 exd4 4. Nxd4 Bc5 5. Be3 Qf6 6. c3 d6 7. Be2 Qg6 8. Nb5 Bxe3 9. Nxc7+ Kd7 10. Nxa8 Qxg2 11. Rf1 Bf4 12. Nd2 g5 13. Qb3 Ke7 14. Nc7 Nf6 15. Rd1 Ne5 16. Qb4 Bh3 17. Nd5+ Nxd5 18. Qxb7+ Kf8 19. Qxd5 g4 20. Qxd6+ Kg7 21. Qd4 h5 22. Bc4 Qxh2 23. Be2 Rb8 24. b4 Rb6 0-1

[Event "FICGS class C 000358 email"]
[Site "FICGS email"]
[Date "2022.07.23"]
[Round "1"]
[White "Detchin, Yra"]
[Black "Benone, Mateia"]
[Result "1-0"]
[WhiteElo "1881"]
[BlackElo "1820"]
[PlyCount "51"]
[EventDate "2022.??.??"]
[EventType "tourn (corr)"]
[EventRounds "1"]
[SourceTitle "Corr 2024"]
[Source "ChessBase"]
[SourceDate "2023.10.19"]
[SourceVersion "1"]
[SourceVersionDate "2023.10.19"]
[SourceQuality "1"]

1. e4 e5 2. Nf3 Nf6 3. Nxe5 d6 4. Nf3 Nxe4 5. d4 d5 6. Bd3 Be7 7. 0-0 0-0 8. c4 c6 9. cxd5 cxd5 10. Nc3 Nxc3 11. bxc3 Qc7 12. Re1 Qxc3 13. Bf4 Nc6 14. Rc1 Qb4 15. a3 Qxa3 16. Re3 Qb4 17. Bc7 Bd6 18. Bxh7+ Kxh7 19. Rb1 Bxc7 20. Qc2+ Kg8 21. Rxb4 Bxh2+ 22. Kxh2 Nxb4 23. Qc7 Bf5 24. Qf4 Bc2 25. Ne5 a5 26. Rg3 1-0

[Event "FICGS rapid B 000382 email"]
[Site "FICGS email"]
[Date "2022.07.14"]
[Round "1"]
[White "Benone, Mateia"]
[Black "Vollmer, Steve"]
[Result "1-0"]
[WhiteElo "1820"]
[BlackElo "1810"]
[PlyCount "31"]
[EventDate "2022.??.??"]
[EventType "tourn (rapid)"]
[EventRounds "6"]
[SourceTitle "Corr 2024"]
[Source "ChessBase"]
[SourceDate "2023.10.19"]
[SourceVersion "1"]
[SourceVersionDate "2023.10.19"]
[SourceQuality "1"]

1. e4 c5 2. c3 Nc6 3. Nf3 d6 4. d4 cxd4 5. cxd4 e6 6. d5 Nb8 7. Bc4 Ne7 8. Nc3 g6 9. Qa4+ Bd7 10. Nb5 Nc8 11. dxe6 fxe6 12. Bxe6 Bxb5 13. Qxb5+ Nc6 14. Qxb7 N8e7 15. Ng5 Ne5 16. Nf7 1-0

[Event "FICGS rapid B 000382 email"]
[Site "FICGS email"]
[Date "2022.07.14"]
[Round "1"]
[White "Foster, Duncan"]
[Black "Benone, Mateia"]
[Result "1/2-1/2"]
[WhiteElo "1911"]
[BlackElo "1820"]
[PlyCount "29"]
[EventDate "2022.??.??"]
[EventType "tourn (rapid)"]
[EventRounds "6"]
[SourceTitle "Corr 2024"]
[Source "ChessBase"]
[SourceDate "2023.10.19"]
[SourceVersion "1"]
[SourceVersionDate "2023.10.19"]
[SourceQuality "1"]

1. e4 e5 2. Nf3 Nf6 3. Nxe5 d6 4. Nf3 Nxe4 5. d4 d5 6. Bd3 Nc6 7. 0-0 Be7 8. c4 Nb4 9. Be2 Bf5 10. Qa4+ Qd7 11. Qb3 dxc4 12. Bxc4 0-0 13. Ne5 Qxd4 14. Nxf7 b5 15. Nh6+ 1/2-1/2

[Event "FICGS rapid B 000382 email"]
[Site "FICGS email"]
[Date "2022.07.14"]
[Round "1"]
[White "Nimylovych, Taras"]
[Black "Benone, Mateia"]
[Result "1-0"]
[WhiteElo "2051"]
[BlackElo "1820"]
[PlyCount "39"]
[EventDate "2022.??.??"]
[EventType "tourn (rapid)"]
[EventRounds "6"]
[SourceTitle "Corr 2024"]
[Source "ChessBase"]
[SourceDate "2023.10.19"]
[SourceVersion "1"]
[SourceVersionDate "2023.10.19"]
[SourceQuality "1"]

1. e4 c5 2. Nf3 g6 3. d4 cxd4 4. Nxd4 Bg7 5. c4 Nc6 6. Be3 Nf6 7. Nc3 Ng4 8. Qxg4 Nxd4 9. Qd1 Ne6 10. Rc1 Qa5 11. Be2 0-0 12. 0-0 b6 13. Nd5 Re8 14. a4 Bxb2 15. Rb1 Bg7 16. Rb5 Qa6 17. f4 Qb7 18. f5 Rb8 19. c5 Nc7 20. fxg6 1-0

[Event "FICGS class C 000357 email"]
[Site "FICGS email"]
[Date "2022.07.12"]
[Round "1"]
[White "Benone, Mateia"]
[Black "Domingo, Jordi"]
[Result "0-1"]
[WhiteElo "1820"]
[BlackElo "1909"]
[PlyCount "20"]
[EventDate "2022.??.??"]
[EventType "tourn (corr)"]
[EventRounds "1"]
[SourceTitle "Corr 2024"]
[Source "ChessBase"]
[SourceDate "2023.10.19"]
[SourceVersion "1"]
[SourceVersionDate "2023.10.19"]
[SourceQuality "1"]

1. e4 e5 2. Nf3 f5 3. Nxe5 Nf6 4. Bc4 Qe7 5. d4 Nc6 6. 0-0 fxe4 7. Bf7+ Kd8 8. Nxc6+ bxc6 9. Bb3 a5 10. a4 d5 0-1

[Event "FICGS class C 000357 email"]
[Site "FICGS email"]
[Date "2022.07.12"]
[Round "1"]
[White "Benone, Mateia"]
[Black "Vollmer, Steve"]
[Result "0-1"]
[WhiteElo "1820"]
[BlackElo "1810"]
[PlyCount "46"]
[EventDate "2022.??.??"]
[EventType "tourn (corr)"]
[EventRounds "1"]
[SourceTitle "Corr 2024"]
[Source "ChessBase"]
[SourceDate "2023.10.19"]
[SourceVersion "1"]
[SourceVersionDate "2023.10.19"]
[SourceQuality "1"]

1. e4 c5 2. c3 Nc6 3. d4 cxd4 4. cxd4 d5 5. exd5 Qxd5 6. Nf3 e6 7. Nc3 Bb4 8. Bd3 Nf6 9. 0-0 Bxc3 10. bxc3 0-0 11. Bg5 Qd8 12. Ne5 h6 13. Bh4 g5 14. Bg3 Ne7 15. h4 Nf5 16. hxg5 hxg5 17. Bh2 Qd5 18. Qd2 Nh7 19. Rfe1 Qa5 20. g4 Nh4 21. Bxh7+ Kxh7 22. Qxg5 Nf3+ 23. Nxf3 Qxg5 0-1

[Event "FICGS rapid D 000144 email"]
[Site "FICGS email"]
[Date "2022.06.27"]
[Round "1"]
[White "Benone, Mateia"]
[Black "Goldmund, Heike"]
[Result "1-0"]
[WhiteElo "1601"]
[BlackElo "1417"]
[PlyCount "63"]
[EventDate "2022.??.??"]
[EventType "tourn (rapid)"]
[EventRounds "5"]
[SourceTitle "Corr 2024"]
[Source "ChessBase"]
[SourceDate "2023.10.19"]
[SourceVersion "1"]
[SourceVersionDate "2023.10.19"]
[SourceQuality "1"]

1. e4 d5 2. exd5 Qxd5 3. Nc3 Qa5 4. d4 Nf6 5. Nf3 Bg4 6. Be2 e6 7. 0-0 Bd6 8. h3 Bh5 9. Bd2 c6 10. Ne4 Qc7 11. Nxd6+ Qxd6 12. Qc1 Nbd7 13. Bf4 Qd5 14. Qd2 Bg6 15. c4 Qe4 16. Rac1 0-0 17. Ng5 Qf5 18. g4 Nxg4 19. hxg4 Qf6 20. Nf3 Rfd8 21. Bg5 Qxg5 22. Nxg5 Ne5 23. Qf4 Nd7 24. Rfd1 Nf6 25. Qe3 h6 26. Nh3 Ne4 27. f3 Ng3 28. Bd3 Bxd3 29. Rxd3 h5 30. Kf2 h4 31. Qg5 f6 32. Qxh4 1-0

[Event "FICGS rapid C 000285 email"]
[Site "FICGS email"]
[Date "2022.06.19"]
[Round "1"]
[White "Pech, Matej"]
[Black "Benone, Mateia"]
[Result "1-0"]
[WhiteElo "1809"]
[BlackElo "1601"]
[PlyCount "31"]
[EventDate "2022.??.??"]
[EventType "tourn (rapid)"]
[EventRounds "4"]
[SourceTitle "Corr 2024"]
[Source "ChessBase"]
[SourceDate "2023.10.19"]
[SourceVersion "1"]
[SourceVersionDate "2023.10.19"]
[SourceQuality "1"]

1. e4 c5 2. Nf3 Nc6 3. d4 cxd4 4. Nxd4 g6 5. c4 Bg7 6. Be3 Nf6 7. Nc3 0-0 8. Be2 Qa5 9. 0-0 d6 10. a3 Bd7 11. b4 Qd8 12. Rc1 Rc8 13. Nxc6 Bxc6 14. f3 Nd7 15. b5 Bxc3 16. bxc6 1-0

[Event "FICGS class C 000301 email"]
[Site "FICGS email"]
[Date "2022.06.02"]
[Round "1"]
[White "Benone, Mateia"]
[Black "Nudo, Davide Francesco Ma"]
[Result "1-0"]
[WhiteElo "1601"]
[BlackElo "1840"]
[PlyCount "23"]
[EventDate "2022.??.??"]
[EventType "tourn (corr)"]
[EventRounds "4"]
[SourceTitle "Corr 2024"]
[Source "ChessBase"]
[SourceDate "2023.10.19"]
[SourceVersion "1"]
[SourceVersionDate "2023.10.19"]
[SourceQuality "1"]

1. e4 c6 2. d4 d5 3. e5 Bf5 4. Bd3 Bxd3 5. Qxd3 e6 6. Nf3 Nd7 7. 0-0 c5 8. c4 dxc4 9. Qxc4 cxd4 10. Rd1 Ne7 11. Qxd4 Qb6 12. Qxd7# 1-0

[Event "FICGS class C 000301 email"]
[Site "FICGS email"]
[Date "2022.06.02"]
[Round "1"]
[White "Benone, Mateia"]
[Black "Olonan, Wilfredo Olanka"]
[Result "1-0"]
[WhiteElo "1601"]
[BlackElo "1800"]
[PlyCount "39"]
[EventDate "2022.??.??"]
[EventType "tourn (corr)"]
[EventRounds "4"]
[SourceTitle "Corr 2024"]
[Source "ChessBase"]
[SourceDate "2023.10.19"]
[SourceVersion "1"]
[SourceVersionDate "2023.10.19"]
[SourceQuality "1"]

1. e4 c5 2. f4 a6 3. Nf3 h6 4. d4 cxd4 5. Nxd4 d6 6. Nc3 g6 7. Be3 e5 8. fxe5 dxe5 9. Nf3 Bg7 10. Bc4 Nd7 11. 0-0 Ne7 12. Qd2 Rb8 13. Bxf7+ Kf8 14. Nh4 b5 15. Nxg6+ Nxg6 16. Qd6+ Qe7 17. Qxg6 Nf6 18. Rxf6 Bxf6 19. Bxh6+ Rxh6 20. Qg8# 1-0

[Event "FICGS class C 000301 email"]
[Site "FICGS email"]
[Date "2022.06.02"]
[Round "1"]
[White "Pech, Stepan"]
[Black "Benone, Mateia"]
[Result "1-0"]
[WhiteElo "1835"]
[BlackElo "1601"]
[PlyCount "25"]
[EventDate "2022.??.??"]
[EventType "tourn (corr)"]
[EventRounds "4"]
[SourceTitle "Corr 2024"]
[Source "ChessBase"]
[SourceDate "2023.10.19"]
[SourceVersion "1"]
[SourceVersionDate "2023.10.19"]
[SourceQuality "1"]

1. c4 c5 2. Nc3 Nf6 3. Nf3 Nc6 4. g3 g6 5. Bg2 Bg7 6. 0-0 0-0 7. d4 cxd4 8. Nxd4 Qb6 9. Nc2 d6 10. b3 Qc5 11. e4 Bg4 12. Qd2 Rac8 13. Bb2 1-0

[Event "FICGS class D 000286 email"]
[Site "FICGS email"]
[Date "2022.05.25"]
[Round "1"]
[White "Brand Lyard, Paul"]
[Black "Benone, Mateia"]
[Result "0-1"]
[WhiteElo "1520"]
[BlackElo "1601"]
[PlyCount "36"]
[EventDate "2022.??.??"]
[EventType "tourn (corr)"]
[EventRounds "6"]
[SourceTitle "Corr 2024"]
[Source "ChessBase"]
[SourceDate "2023.10.19"]
[SourceVersion "1"]
[SourceVersionDate "2023.10.19"]
[SourceQuality "1"]

1. d4 Nf6 2. Bg5 Ne4 3. h4 d5 4. Qd3 f6 5. Bf4 e5 6. Bxe5 fxe5 7. dxe5 Bc5 8. f3 Nf2 9. Qb5+ c6 10. Qxc5 Nxh1 11. Qd6 Qxh4+ 12. Kd1 Qd4+ 13. Ke1 Qf2+ 14. Kd2 Qxg1 15. e6 Qxf1 16. e7 Nd7 17. Qe6 Nb6 18. Qd6 Nc4+ 0-1

[Event "FICGS class D 000286 email"]
[Site "FICGS email"]
[Date "2022.05.25"]
[Round "1"]
[White "Goldmund, Heike"]
[Black "Benone, Mateia"]
[Result "0-1"]
[WhiteElo "1417"]
[BlackElo "1601"]
[PlyCount "92"]
[EventDate "2022.??.??"]
[EventType "tourn (corr)"]
[EventRounds "6"]
[SourceTitle "Corr 2024"]
[Source "ChessBase"]
[SourceDate "2023.10.19"]
[SourceVersion "1"]
[SourceVersionDate "2023.10.19"]
[SourceQuality "1"]

1. b4 c6 2. e3 Qb6 3. a3 d5 4. Bb2 a5 5. c4 axb4 6. Qb3 Nf6 7. c5 Qc7 8. axb4 Rxa1 9. Bxa1 e5 10. Be2 e4 11. d3 Bf5 12. dxe4 Bxe4 13. Nf3 Nbd7 14. 0-0 Be7 15. Nbd2 Bf5 16. Bb2 0-0 17. Ra1 b6 18. Ra6 bxc5 19. bxc5 Nxc5 20. Qb6 Nxa6 21. Qxa6 Rb8 22. Be5 Bd6 23. Bd4 c5 24. Bc3 Ne4 25. Nxe4 dxe4 26. Nh4 Rb1+ 27. Bf1 Bxh2+ 28. Kh1 c4 29. Qa8+ Bc8 30. g3 Rxf1+ 31. Kxh2 Rxf2+ 32. Ng2 Qb7 33. Qxb7 Bxb7 34. Be5 f6 35. Bd4 Ba6 36. Kg1 Rf3 37. Kh2 Kf7 38. Ne1 Rf1 39. Ng2 g5 40. Bc3 f5 41. Bd4 h5 42. Bc3 Rc1 43. Bb2 Rc2 44. Bd4 c3 45. Kg1 Rc1+ 46. Kf2 Rf1# 0-1

[Event "FICGS no engines 121 email"]
[Site "FICGS email"]
[Date "2022.05.08"]
[Round "1"]
[White "Benone, Mateia"]
[Black "Tedoldi, Guido"]
[Result "1-0"]
[WhiteElo "1601"]
[BlackElo "1604"]
[PlyCount "47"]
[EventDate "2022.??.??"]
[EventType "swiss (corr)"]
[EventRounds "1"]
[SourceTitle "Corr 2024"]
[Source "ChessBase"]
[SourceDate "2023.10.19"]
[SourceVersion "1"]
[SourceVersionDate "2023.10.19"]
[SourceQuality "1"]

1. e4 c5 2. c3 e5 3. d4 cxd4 4. cxd4 d6 5. d5 Nf6 6. Nc3 h6 7. Nf3 a6 8. Bd3 Be7 9. 0-0 0-0 10. h3 Nbd7 11. Be3 b5 12. Rc1 Bb7 13. b4 Rc8 14. Ne2 Nb6 15. Rxc8 Bxc8 16. Qb3 Nh7 17. Rc1 f5 18. exf5 Bxf5 19. Rc6 Bxd3 20. Bxb6 Bc4 21. Bxd8 Bxb3 22. Bxe7 Bxd5 23. Bxf8 Bxc6 24. Bxd6 1-0

[Event "FICGS no engines 121 email"]
[Site "FICGS email"]
[Date "2022.05.08"]
[Round "1"]
[White "Olonan, Wilfredo Olanka"]
[Black "Benone, Mateia"]
[Result "0-1"]
[WhiteElo "1800"]
[BlackElo "1601"]
[PlyCount "84"]
[EventDate "2022.??.??"]
[EventType "swiss (corr)"]
[EventRounds "1"]
[SourceTitle "Corr 2024"]
[Source "ChessBase"]
[SourceDate "2023.10.19"]
[SourceVersion "1"]
[SourceVersionDate "2023.10.19"]
[SourceQuality "1"]

1. d4 Nf6 2. h3 c5 3. dxc5 Qa5+ 4. c3 Qxc5 5. e3 g6 6. Qc2 Bg7 7. Nd2 0-0 8. Ngf3 d5 9. b4 Qc7 10. Bb2 Nc6 11. a3 Bf5 12. Bd3 Bxd3 13. Qxd3 e6 14. Rc1 Rac8 15. 0-0 Rfd8 16. Qb1 a6 17. e4 dxe4 18. Nxe4 Nxe4 19. Qxe4 Ne7 20. Rfd1 Rxd1+ 21. Rxd1 Nd5 22. Nd4 Nxc3 23. Bxc3 Qxc3 24. Rd3 Qa1+ 25. Kh2 Rd8 26. Nb3 Qe5+ 27. Qxe5 Bxe5+ 28. f4 Bxf4+ 29. g3 Rxd3 30. Nc5 Rxg3 31. Nxb7 Rxa3+ 32. Kg2 Bd2 33. Nd6 Bxb4 34. Nc4 Ra2+ 35. Kg3 a5 36. h4 Rc2 37. Nb6 Be7 38. Na4 Bd8 39. Kh3 e5 40. Kg3 f5 41. Kh3 e4 42. Kg3 e3 0-1

[Event "FICGS rapid C 000283 email"]
[Site "FICGS email"]
[Date "2022.05.07"]
[Round "1"]
[White "Nurcahyo, Dery"]
[Black "Benone, Mateia"]
[Result "0-1"]
[WhiteElo "1614"]
[BlackElo "1601"]
[PlyCount "24"]
[EventDate "2022.??.??"]
[EventType "tourn (rapid)"]
[EventRounds "4"]
[SourceTitle "Corr 2024"]
[Source "ChessBase"]
[SourceDate "2023.10.19"]
[SourceVersion "1"]
[SourceVersionDate "2023.10.19"]
[SourceQuality "1"]

1. b3 e5 2. Bb2 Nc6 3. e4 Nf6 4. f3 Nxe4 5. fxe4 Qh4+ 6. Ke2 Qxe4+ 7. Kf2 Bc5+ 8. d4 Nxd4 9. Bd3 Nxc2+ 10. Kg3 Qf4+ 11. Kh3 Ne3 12. Qf3 d5+ 0-1

[Event "FICGS rapid C 000283 email"]
[Site "FICGS email"]
[Date "2022.05.07"]
[Round "1"]
[White "Pintor, Manuel"]
[Black "Benone, Mateia"]
[Result "0-1"]
[WhiteElo "1718"]
[BlackElo "1601"]
[PlyCount "86"]
[EventDate "2022.??.??"]
[EventType "tourn (rapid)"]
[EventRounds "4"]
[SourceTitle "Corr 2024"]
[Source "ChessBase"]
[SourceDate "2023.10.19"]
[SourceVersion "1"]
[SourceVersionDate "2023.10.19"]
[SourceQuality "1"]

1. e4 c5 2. f4 d5 3. exd5 Qxd5 4. Nc3 Qd8 5. Bc4 Nf6 6. Nf3 e6 7. 0-0 a6 8. a4 Nc6 9. Kh1 Be7 10. Ne5 Bd7 11. d3 0-0 12. Ne4 Nxe5 13. fxe5 Nxe4 14. dxe4 Bc6 15. Qg4 Qd4 16. Bd3 c4 17. Be2 Qxe5 18. Bf3 Bd6 19. g3 f5 20. exf5 Qxf5 21. Qxf5 Rxf5 22. Kg2 Rxf3 23. Rxf3 Rf8 24. Bf4 Bxf3+ 25. Kxf3 e5 26. Rd1 Bb8 27. Rd7 exf4 28. gxf4 b5 29. axb5 axb5 30. Rd5 Bxf4 31. Kg2 Rb8 32. h4 h6 33. Kf3 g5 34. h5 Kg7 35. Rd7+ Kf6 36. Rd5 Ke6 37. Ke4 g4 38. Rc5 Bd6 39. Rd5 b4 40. Ra5 g3 41. Kf3 Rf8+ 42. Ke3 g2 43. Ra1 Rf1 0-1